[Event "AUTO-ADV-1756"]
[Site "http://www.queenalice.com/game.php?id=773370"]
[Date "2010.5.9"]
[Round "1"]
[White "brancao"]
[Black "Damian"]
[Result "1-0"]
[WhiteElo "1766"]
[BlackElo "1742"]

1. e4 e5 2. Nf3 d6 3. Bc4 h6 4. d4 exd4 5. Nxd4 Nf6 6. f3 b6 7. f4 Nxe4 8. Bd5
Qh4+ 9. g3 Qe7 10. Qe2 Ba6 11. Qxe4 Qxe4+ 12. Bxe4 c6 13. Nxc6 Bb7 14. Nc3 Bxc6
15. Nd5 Be7 16. Nc7+ Kd8 17. Bxc6 Nxc6 18. Nxa8 Kd7 19. Nxb6+ axb6 20. Be3 Nb4
21. Kd2 Rc8 22. c3 Nd5 23. Bd4 g5 24. fxg5 Bxg5+ 25. Kc2 b5 26. Rhf1 f6 27. h4
Be3 28. Kb3 Bxd4 29. cxd4 Rc4 30. Rac1 Rxd4 31. Rcd1 Rxd1 32. Rxd1 Ne3 33. Rc1
f5 34. a4 bxa4+ 35. Kxa4 Ke6 36. Re1 1-0

[Event "AUTO-ADV-1758"]
[Site "http://www.queenalice.com/game.php?id=774710"]
[Date "2010.5.12"]
[Round "1"]
[White "PlinioSalgado"]
[Black "Damian"]
[Result "1-0"]
[WhiteElo "1937"]
[BlackElo "1714"]

1. e4 e5 2. Nf3 Bc5 3. Bc4 Nf6 4. d3 O-O 5. h3 Nc6 6. O-O a6 7. c3 b5 8. Bb3 Bb7
9. Bg5 h6 10. Bh4 Na5 11. Nxe5 d6 12. Ng4 g5 13. Nxf6+ Qxf6 14. Bg3 Nc6 15. d4
Bb6 16. Nd2 Ne7 17. e5 dxe5 18. Bxe5 Qc6 19. Nf3 Ng6 20. Qc2 a5 21. a4 Nh4 22.
Nxh4 gxh4 23. f3 Rae8 24. axb5 Bxd4+ 25. Bxd4 Qd6 26. Qf5 Re2 27. Qg4+ Qg6 28.
Qxg6# 1-0

[Event "AUTO-ADV-1758"]
[Site "http://www.queenalice.com/game.php?id=774711"]
[Date "2010.5.12"]
[Round "1"]
[White "Damian"]
[Black "PlinioSalgado"]
[Result "0-1"]
[WhiteElo "1711"]
[BlackElo "2007"]

1. e4 c5 2. Bc4 e6 3. Nc3 Nc6 4. Nf3 a6 5. d4 cxd4 6. Nxd4 Nf6 7. Bd2 Nxd4 8.
Bg5 Nc6 9. f4 d6 10. Qe2 Be7 11. O-O-O Qc7 12. g4 Na5 13. Bd3 Bd7 14. h4 b5 15.
h5 Rc8 16. f5 Nc4 17. Bf4 e5 18. Bd2 Nxd2 19. Rxd2 b4 20. Nd1 a5 21. b3 a4 22.
Bc4 axb3 23. axb3 Qa5 24. Rd3 Bc6 25. Nf2 Bxe4 26. Nxe4 Qa1+ 27. Kd2 Qxh1 28.
Bb5+ Kf8 29. Nxf6 gxf6 30. Qf3 Qxf3 31. Rxf3 Rg8 32. Rg3 d5 0-1

[Event "AUTO-ADV-1758"]
[Site "http://www.queenalice.com/game.php?id=774722"]
[Date "2010.5.12"]
[Round "1"]
[White "Spessatto"]
[Black "Damian"]
[Result "1/2-1/2"]
[WhiteElo "1944"]
[BlackElo "1727"]

1. d4 d5 2. Nf3 Bg4 3. Nbd2 e6 4. h3 Bxf3 5. Nxf3 Nf6 6. Bf4 Bd6 7. Ne5 h6 8. e3
Ne4 9. Bd3 Bb4+ 10. Ke2 Nf6 11. a4 Nbd7 12. c3 Bd6 13. Re1 a6 14. Kf1 O-O 15.
Qf3 Ne4 16. Bxe4 dxe4 17. Qxe4 f5 18. Qxb7 Bxe5 19. dxe5 Nc5 20. Qf3 Nb3 21.
Rad1 Nd2+ 22. Rxd2 Qxd2 23. e4 Qxb2 24. exf5 exf5 25. Qd5+ Kh7 26. e6 Rfe8 27.
e7 Qc2 28. Bxc7 Qxa4 29. Qxf5+ Kh8 30. Re6 Qc4+ 31. Kg1 Qxc7 32. Rxh6+ gxh6 33.
Qf6+ Kg8 34. Qg6+ Kh8 35. Qxh6+ 1/2-1/2

[Event "AUTO-ADV-1758"]
[Site "http://www.queenalice.com/game.php?id=774723"]
[Date "2010.5.12"]
[Round "1"]
[White "Damian"]
[Black "Spessatto"]
[Result "0-1"]
[WhiteElo "1740"]
[BlackElo "1908"]

1. e4 e5 2. Bc4 Bc5 3. Qh5 Qf6 4. Nf3 Ne7 5. Qxe5 Qxe5 6. Nxe5 O-O 7. Nxf7 d5 8.
Bxd5 Nxd5 9. Nh6+ gxh6 10. exd5 Bxf2+ 11. Ke2 Bg4+ 12. Kd3 Nc6 13. c3 Ne5+ 14.
Kc2 Bf5+ 15. Kd1 Rad8 16. d4 Nc4 17. Bxh6 Bg4+ 18. Kc2 Rfe8 19. Nd2 Bf5+ 20. Kb3
Na5+ 21. Kb4 b6 22. Rhf1 c5+ 23. dxc5 Bxc5+ 24. Kb5 Bd7+ 25. Ka6 Bc8+ 26. Kb5
a6+ 27. Ka4 Bd7# 0-1

[Event "AUTO-ADV-1758"]
[Site "http://www.queenalice.com/game.php?id=774728"]
[Date "2010.5.12"]
[Round "1"]
[White "araujox"]
[Black "Damian"]
[Result "1-0"]
[WhiteElo "1933"]
[BlackElo "1607"]

1. e4 e5 2. Nf3 d6 3. d4 f6 4. Nc3 Bg4 5. Be2 Bxf3 6. Bxf3 Nc6 7. dxe5 fxe5 8.
Be3 Nf6 9. Qd2 h6 10. O-O Qd7 11. Nd5 O-O-O 12. c4 Be7 13. b4 Nxd5 14. cxd5 Nd4
15. Be2 Nxe2+ 16. Qxe2 a6 17. a4 Bg5 18. Rfb1 Bxe3 19. Qxe3 Rhf8 20. b5 axb5 21.
axb5 b6 22. Qa3 Qf7 23. Qa8+ Kd7 24. Qc6+ 1-0

[Event "AUTO-ADV-1758"]
[Site "http://www.queenalice.com/game.php?id=774729"]
[Date "2010.5.12"]
[Round "1"]
[White "Damian"]
[Black "araujox"]
[Result "1/2-1/2"]
[WhiteElo "1733"]
[BlackElo "1931"]

1. e4 c5 2. Bc4 e6 3. Nf3 d5 4. exd5 exd5 5. Qe2+ Be7 6. Bb5+ Bd7 7. Bxd7+ Qxd7
8. O-O Nc6 9. d3 Nf6 10. Nc3 O-O 11. a3 Rfe8 12. Na4 Bf8 13. Qd2 Ne5 14. Nxe5
1/2-1/2

[Event "Let's Play Chess!"]
[Site "http://www.queenalice.com/game.php?id=774800"]
[Date "2010.5.13"]
[Round "-"]
[White "igorjava"]
[Black "Damian"]
[Result "1-0"]
[WhiteElo "1914"]
[BlackElo "1572"]

1. e4 e5 2. f4 exf4 3. Nf3 Nf6 4. e5 Ne4 5. d4 g5 6. Bd3 d5 7. exd6 Nxd6 8. O-O
Nc6 9. d5 Nb4 10. c4 Bf5 11. Bxf5 Nxf5 12. Re1+ Be7 13. Qa4+ c6 14. Qxb4 1-0

[Event "AUTO-ADV-1770"]
[Site "http://www.queenalice.com/game.php?id=779246"]
[Date "2010.5.22"]
[Round "1"]
[White "Damian"]
[Black "sasquatico"]
[Result "0-1"]
[WhiteElo "1683"]
[BlackElo "1690"]

1. e4 e5 2. Bc4 Nf6 3. Nf3 h6 4. Nxe5 d5 5. Bb3 Nxe4 6. d3 Nf6 7. Qf3 c6 8. O-O
Bd6 9. Qg3 O-O 10. Bxh6 Nh5 11. Qf3 Bxe5 12. c3 gxh6 13. Qxh5 Bg7 14. Nd2 Nd7
15. Rae1 Nf6 16. Qd1 Bg4 0-1

[Event "AUTO-ADV-1770"]
[Site "http://www.queenalice.com/game.php?id=779251"]
[Date "2010.5.22"]
[Round "1"]
[White "DanizinhaBH"]
[Black "Damian"]
[Result "1-0"]
[WhiteElo "1758"]
[BlackElo "1710"]

1. e4 e5 2. Nc3 c5 3. a3 Nf6 4. d3 Nc6 5. Bg5 a6 6. Bxf6 Qxf6 7. Nf3 Ne7 8. Be2
d6 9. b4 g6 10. Nd5 Nxd5 11. exd5 b6 12. bxc5 bxc5 13. c4 Bg7 14. Ra2 O-O 15.
O-O Rb8 16. Qa4 1-0

[Event "AUTO-ADV-1770"]
[Site "http://www.queenalice.com/game.php?id=779252"]
[Date "2010.5.22"]
[Round "1"]
[White "Damian"]
[Black "DanizinhaBH"]
[Result "0-1"]
[WhiteElo "1696"]
[BlackElo "1772"]

1. e4 e5 2. Bc4 Qf6 3. Qf3 Qxf3 4. Nxf3 f6 5. Nc3 Nc6 6. O-O Bc5 7. a3 a6 8. Nd5
Nge7 9. Nxc7+ Kd8 10. Nxa8 b5 11. Bf7 Bb7 12. b4 Ba7 13. Nc7 Kxc7 14. c3 Bb6 15.
d3 a5 0-1

[Event "AUTO-ADV-1775"]
[Site "http://www.queenalice.com/game.php?id=780896"]
[Date "2010.5.26"]
[Round "1"]
[White "Damian"]
[Black "geniolucio"]
[Result "0-1"]
[WhiteElo "1734"]
[BlackElo "1526"]

1. e4 e5 2. Bc4 Nf6 3. d4 exd4 4. Qxd4 Nc6 5. Qe3 b6 6. Nf3 Bc5 7. Qe2 O-O 8.
O-O d6 9. Nc3 Bg4 10. h3 Bh5 11. Nd5 Ne5 12. Nxf6+ Qxf6 13. Bg5 Qg6 14. h4 h6
15. Bd5 Kh8 16. Bf4 Bxf3 0-1

[Event "AUTO-ADV-1775"]
[Site "http://www.queenalice.com/game.php?id=780897"]
[Date "2010.5.26"]
[Round "1"]
[White "geniolucio"]
[Black "Damian"]
[Result "1-0"]
[WhiteElo "1577"]
[BlackElo "1658"]

1. e4 e5 2. Nf3 Bc5 3. Nxe5 Qh4 4. Qf3 Qf6 5. Nd3 Bb6 6. Qe2 Nh6 7. c3 Nc6 8. g3
O-O 9. f4 d6 10. Nf2 Bd7 11. Bg2 Rae8 12. d3 Bxf2+ 13. Qxf2 Ng4 14. Qf3 d5 15.
e5 Ncxe5 16. fxe5 Qxe5+ 17. Be3 Nxe3 18. Kd2 1-0

[Event "AUTO-ADV-1775"]
[Site "http://www.queenalice.com/game.php?id=780898"]
[Date "2010.5.26"]
[Round "1"]
[White "Damian"]
[Black "leandro1996"]
[Result "0-1"]
[WhiteElo "1639"]
[BlackElo "1822"]

1. e4 e5 2. Bc4 Nf6 3. Nf3 Nc6 4. Nc3 Nxe4 5. Nxe4 d5 6. Bxd5 Qxd5 7. d3 Be7 8.
O-O O-O 9. a3 Bg4 10. h3 Bh5 11. Qe1 Bxf3 12. gxf3 f5 13. Nc3 Qe6 14. Ne2 Rf6
15. f4 e4 0-1

[Event "AUTO-ADV-1775"]
[Site "http://www.queenalice.com/game.php?id=780899"]
[Date "2010.5.26"]
[Round "1"]
[White "leandro1996"]
[Black "Damian"]
[Result "1-0"]
[WhiteElo "1831"]
[BlackElo "1630"]

1. e4 e5 2. Nf3 d6 3. Bc4 Nf6 4. Ng5 Be6 5. Bxe6 fxe6 6. Nxe6 Qd7 7. Nxf8 Rxf8
8. d3 Ng4 9. O-O Nc6 10. h3 Nf6 11. f4 exf4 12. Bxf4 O-O-O 13. Nc3 Rf7 14. a4
1-0

[Event "AUTO-ADV-1775"]
[Site "http://www.queenalice.com/game.php?id=780900"]
[Date "2010.5.26"]
[Round "1"]
[White "Damian"]
[Black "Marivaldo"]
[Result "0-1"]
[WhiteElo "1576"]
[BlackElo "1943"]

1. e4 d5 2. e5 d4 3. Bc4 Bf5 4. Qf3 Qc8 5. Nh3 c6 6. Ng5 e6 7. g4 h6 8. Nxf7 Bg6
9. Nd6+ Bxd6 10. exd6 Nf6 11. d3 e5 12. g5 Bh5 13. Qg2 hxg5 0-1

[Event "AUTO-ADV-1775"]
[Site "http://www.queenalice.com/game.php?id=780901"]
[Date "2010.5.26"]
[Round "1"]
[White "Marivaldo"]
[Black "Damian"]
[Result "1-0"]
[WhiteElo "1945"]
[BlackElo "1574"]

1. d4 c5 2. c3 c4 3. a4 d5 4. Bf4 e6 5. Nf3 h6 6. e3 Nf6 7. Na3 Bxa3 8. Rxa3 O-O
9. Bxb8 Rxb8 10. Qc2 a5 11. Ne5 Ne4 12. Nf3 b6 13. Ne5 Bb7 14. g3 1-0